00259nam a2200121Ia 45000030006000000080041000060400015000471000014000622450023000762600009000995460012001080050017001200STCL150530s9999 xx 000 0 und d aSTCLcSTCL aBurroughs aTarzan of the apes c1967 aEnglish20220125171052.0